Guess the Album by Album Cover #1 - Statistics

General Stats
  • This quiz has been taken 107 times
  • The average score is 5 of 12
Answer Stats
Picture Hint Answer % Correct
2021 Sour
69%
2011 21
65%
2020 After Hours
52%
2012 Born To Die
52%
2020 Folklore
47%
2020 Positions
44%
2019 Fine Line
35%
2021 Montero
31%
2013 Nothing Was The Same
23%
2007 Good Girl Gone Bad
22%
1985 Songs From The Big Chair
18%
2017 Evolve
13%
No matching quizzes found
Score Distribution
Percent of People with Each Score
Percentile by Number Answered
Your Score History
You have not taken this quiz